Дневникът на един нинджа 5 : Шок и ужас в деня на талантите (Запис номер 331001)
[ съкратено ]
| 000 -Лидер | |
|---|---|
| Контролно поле с фиксирана дължина | 01326aam a2200289 a 4500 |
| 003 - Код на организацията, давaща контролен номер | |
| Контролно поле | BLK |
| 005 - Дата и час на последна редакция | |
| Контролно поле | 20250430165711.0 |
| 008 - Елементи от данни с фиксирана дължина | |
| fixed length control field | 181011b bu ||||| |||| 00| 0 bu d |
| 020 ## - Международен стандартен номер на книга ISBN | |
| Международен стандартен номер на книга ISBN | 978-954-26-1897-3 |
| 040 ## - Източник на каталожния запис | |
| Идентификатор на билиотеката - собственик на записа | BLK |
| 041 ## - Код за език | |
| Код за езика на текст/звукозапис или на отделно заглавие | Български |
| Код за езика КДБФ | Български |
| 080 ## - УДК | |
| Текстов определител УДК | Американска литература (на САЩ) |
| УДК код - определител по УДК | 821.111(73) |
| УДК определител | -93-31 |
| УДК - код + определител | 821.111(73)-93-31 |
| 100 ## - Редна дума - Автор | |
| Автор | Емерсън, Маркъс |
| R(LIN) | 390585 |
| 139 ## - Редно поле | |
| Редна дума | Емерсън, Маркъс |
| Авторски знак | Еме - Е 59 |
| 245 ## - Сведения за заглавието | |
| Заглавие | Дневникът на един нинджа 5 : Шок и ужас в деня на талантите |
| Редно поле (дума) | Маркъс Емерсън ; прев. от англ. Коста Сивов |
| 257 ## - Страна на издаване | |
| Страна на създаване/издаване | Съединени американски щати |
| 260 ## - Област на издателските данни | |
| Име на издателя, разпространителя и проч. | Хермес |
| Година на издаване | 2018 |
| Място на издаване, разпространение и проч. | Пловдив |
| 9 (RLIN) | 209439 |
| Печатница | София : Алианс Принт |
| 300 ## - Физическа характеристика | |
| Страници | 160 с. |
| Размери/Мащаб | 20 см |
| Илюстрации и др. | с ил. |
| 380 ## - Жанр | |
| Жанр | Детска худож. лит. |
| 500 ## - Общи забележки | |
| Забележка | Ориг. загл.: Diary of a sixth grade ninja: Terror at the talent chow / Marcus Emerson. Маркъс Емерсън - псевд. на David Halvorson<br/>Кн. 5 от поредицата Дневникът на един нинджа |
| 700 ## - Други автори (авторска отговорност) | |
| Лично име | Сивов, Коста Атанасов |
| 9 (RLIN) | 383724 |
| 852 ## - Местоположение | |
| Фондова буква | Детски отдел |
| Систематично-азбучна сигнатура | ДХ 820/899/Е 59 |
| 999 ## - СИСТЕМНИ КОНТРОЛНИ НОМЕРА | |
| Koha biblionumber | 331001 |
| Koha biblioitemnumber | 331001 |
| 942 ## - АРТИКУЛИ | |
| Вид на библиотечния материал | Книги |
| Източник на класификационната схема | Universal Decimal Classification |
| Скрит в OPAC | Не |
| Koha issues (borrowed), all copies | 9 |
| 999 ## - СИСТЕМНИ КОНТРОЛНИ НОМЕРА | |
| Koha biblioitemnumber | 325365 |
| 999 ## - СИСТЕМНИ КОНТРОЛНИ НОМЕРА | |
| Koha biblioitemnumber | 325365 |
| 944 ## - СЪЗДАВАНЕ И РЕДАКЦИЯ на ЗАПИСА | |
| Служител, извършил регистрацията/редакцията | 30537 |
| Статус, дата на статуса | Грета Цуфелде |
| Код за отписване | Код за изгубен артикул | Източник на класификационната схема | Код за повреда | Код за отдаване | Артикулен № | Име на библиотеката - собственик | Име на библиотеката, в която се намира в момента | Статус (Текущо местоположение) | Дата на вписване в системата | Местоположение - отдел | Цена в лева | Систематично азбучна сигнатура | Баркод | Цена в евро | Служебен тип на артикула | Коз за рестрикции |
|---|---|---|---|---|---|---|---|---|---|---|---|---|---|---|---|---|
| Не е изгубен | Universal Decimal Classification | Не е повреден | заемане за дома | 706592 | Регионална библиотека "Любен Каравелов" Русе | Регионална библиотека "Любен Каравелов" Русе | Детски отдел | 2019-05-13 | Детски отдел | 6.26 | ДХ 820/899/Е 59 | 120000831915 | 3.20 | Книги | ||
| Не е изгубен | Universal Decimal Classification | Не е повреден | заемане за дома | 706593 | Регионална библиотека "Любен Каравелов" Русе | Регионална библиотека "Любен Каравелов" Русе | Детски отдел | 2019-05-13 | Детски отдел | 6.26 | ДХ 820/899/Е 59 | 120000831914 | 3.20 | Книги | ||
| Не е изгубен | Universal Decimal Classification | Не е повреден | ползва се в читалня | 754107 | Регионална библиотека "Любен Каравелов" Русе | Регионална библиотека "Любен Каравелов" Русе | Хранилище | 2020-01-17 | Хранилище | 8.95 | Цб 297416 | 120000841302 | 4.58 | Книги | само за читалня |